[Monumento a los héroes de Puente Sampayo] (Record no. 85802)
[ view plain ]
| 000 -LEADER | |
|---|---|
| campo de control de longitud fija | 01204nkm a22002417a 4500 |
| 001 - NÚMERO DE CONTROL | |
| campo de control | 85802 |
| 005 - FECHA Y HORA DE LA ÚLTIMA TRANSACCIÓN | |
| campo de control | 20260422094333.0 |
| 007 - CAMPO FIJO DE DESCRIPCIÓN FÍSICA--INFORMACIÓN GENERAL | |
| campo de control de longitud fija | kh boc |
| 008 - DATOS DE LONGITUD FIJA--INFORMACIÓN GENERAL | |
| campo de control de longitud fija | 260415s19091911sp ||||| |||| |0| i|spa d |
| 040 ## - FUENTE DE CATALOGACIÓN | |
| Centro catalogador/agencia de origen | M-RABA |
| Lengua de catalogación | spa |
| Centro/agencia transcriptor | M-RABA |
| 245 01 - MENCIÓN DEL TÍTULO | |
| Título | [Monumento a los héroes de Puente Sampayo] |
| Medio | [Material gráfico] |
| 260 ## - PUBLICACIÓN, DISTRIBUCIÓN, ETC. | |
| Lugar de publicación, distribución, etc. | Pontevedra |
| Fecha de publicación, distribución, etc. | , [1909-1911] |
| 300 ## - DESCRIPCIÓN FÍSICA | |
| Extensión | 1 fotografía |
| Otras características físicas | : gelatino-bromuro de plata |
| Dimensiones | : imagen 18 x 13 cm |
| -- | ; soporte secundario 25,5 x 20,5 cm |
| 500 00 - NOTA GENERAL | |
| Nota general | Imagen que representa el boceto en arcilla del monumento a los héroes de Puente Sampayo del escultor Julio González Pola, situado en la Plaza de España de Pontevedra (Galicia) e inaugurado el 27 de agosto de1911. |
| 500 00 - NOTA GENERAL | |
| Nota general | La imagen al gelatino-bromuro de plata presenta un espejo de plata bastante avanzado. |
| 500 00 - NOTA GENERAL | |
| Nota general | Fechas tomadas de la realización del monumento. |
| 600 17 - PUNTO DE ACCESO ADICIONAL DE MATERIA--NOMBRE DE PERSONA | |
| Nombre de persona | González Pola, Julio |
| 9 (RLIN) | 2471 |
| 651 #7 - PUNTO DE ACCESO ADICIONAL DE MATERIA--NOMBRE GEOGRÁFICO | |
| Nombre geográfico | Pontevedra |
| Fuente del encabezamiento o término | embne |
| 9 (RLIN) | 75412 |
| 655 #0 - TERMINO DE INDIZACIÓN--GENERO/FORMA | |
| Datos o término principal de género/forma | Fotografías de monumentos |
| 9 (RLIN) | 111580 |
| 852 ## - LOCALIZACIÓN | |
| Número de control de estantería | Fot-645 |
| 856 ## - LOCALIZACIÓN Y ACCESO ELECTRÓNICOS | |
| Identificador Uniforme de Recurso | <a href="https://archivoybiblioteca.realacademiabellasartessanfernando.com/cgi-bin/koha/opac-retrieve-file.pl?id=42726b835ff2b6a596b804dc1cbeaf03">https://archivoybiblioteca.realacademiabellasartessanfernando.com/cgi-bin/koha/opac-retrieve-file.pl?id=42726b835ff2b6a596b804dc1cbeaf03</a> |
| Texto de enlace | Fot-645 |
| 942 ## - ELEMENTOS DE ENTRADA SECUNDARIOS (KOHA) | |
| Tipo de ítem Koha | Fotografías |
| Suprimir en OPAC | No |
| Estatus retirado | Estado de pérdida | Fuente de la clasificación o esquema de estantería | Estado de daño | No para préstamo | Colección | Biblioteca de origen | Biblioteca actual | Ubicación en estantería | Fecha de adquisición | Total de préstamos | Signatura topográfica completa | Código de barras | Visto por última vez | Precio de reemplazo | Tipo de ítem Koha |
|---|---|---|---|---|---|---|---|---|---|---|---|---|---|---|---|
| Clasificación Decimal Dewey | Fotografía | Real Academia de la Bellas Artes de San Fernando | Real Academia de la Bellas Artes de San Fernando | Depósito 2 | 15/04/2026 | Fot-645 | 1096911 | 15/04/2026 | 15/04/2026 | Fotografías |